| 000 | 00370cam a22001217a 4500 | ||
|---|---|---|---|
| 008 | 180718b1978 xxu||||| |||| 00| 0 eng d | ||
| 082 | _aB262x5421 V59 | ||
| 100 | _aVerma, Ganeshi Lal | ||
| 245 |
_aParty politics in U.P.: 1901-1920 _cby Ganeshi Lal Verma |
||
| 260 |
_aDelhi _bSundeep _c1978 |
||
| 300 | _a296p. | ||
| 650 | _aUttar Pradesh (India) --Politics and government. | ||
| 999 |
_c356260 _d356260 |
||